| 000 | 01093nam2a22002291 4500 | ||
|---|---|---|---|
| 001 | RU\NLR\A1SV\97067 | ||
| 005 | 20251203152403.2 | ||
| 035 | _a(NLR Aleph) 009778420 | ||
| 090 |
_a13485240 _c13485240 |
||
| 100 | _a20090722d1927 u y0rusy50 ca | ||
| 101 | 0 | _arus | |
| 200 | 1 |
_aДигорское народное творчество в записи Михаила Гарданти _fПредисл., пер. на рус. яз. и примеч. Гр. А. Дзагурова (Губади Дзагурти) |
|
| 210 | _d1927 | ||
| 215 |
_aXV, 188, 158 с. _cил. |
||
| 300 | _aТекст на рус. и осетин. яз. | ||
| 461 | 1 |
_1001RU\NLR\A1SV\97065 _12000#$aПамятники народного творчества осетин$vВып.2 _910085465 _cВладикавказ _d1925-1928 _nОсетин. науч.-исслед. ин-т краеведения _tПамятники народного творчества осетин _vВып.2 |
|
| 702 | 1 |
_aГардань _bМ. _gМихаил |
|
| 801 | 0 |
_aRU _bNLR _c20090722 |
|
| 942 | _cBOOK | ||
| 980 | _aA1SV | ||
| 980 | _aNB | ||